Správca úverov z iného členského štátu (§ 14)

Od vzniku vnútorného trhu pre finančné služby sa odzrkadľuje vo vybraných právnych normách takzvaný princíp single licence, ktorého nosná idea spočíva v odbúraní administratívnych bariér a umožnení podnikania na základe oprávnenia udeleného domovským členským štátom.

Na minha lista:
Detalhes bibliográficos
Autor principal: Winkler, Martin, 1975-
Formato: Capítulo de Livro
Idioma:eslovaco
Assuntos:
Tags: Adicionar Tag
Sem tags, seja o primeiro a adicionar uma tag!

MARC

LEADER 00000naa$a2200000$$$4500
001 0314606
005 20260205102921.0
041 0 |a slo 
044 |a CZ 
245 1 0 |a Správca úverov z iného členského štátu (§ 14)  |c Martin Winkler 
520 |a Od vzniku vnútorného trhu pre finančné služby sa odzrkadľuje vo vybraných právnych normách takzvaný princíp single licence, ktorého nosná idea spočíva v odbúraní administratívnych bariér a umožnení podnikania na základe oprávnenia udeleného domovským členským štátom. 
610 2 0 |a služby finančné 
610 2 0 |a úver 
610 2 0 |a trh vnútorný 
610 2 0 |a právo 
610 2 0 |a normy právne 
610 2 0 |a zákony 
100 1 |a Winkler, Martin, 1975-